000
00479nam a2200157Ia 4500
008
090124s9999 xx 000 0 und d
082
_b
22226
_a
1626
245
_a
कथा रुप शिवराज दर्शन
250
_a
1
260
_c
1974
300
_a
644
630
_a
कथा रुप शिवराज दर्शन
700
_a
गोखले म. वि.
730
_a
कथा रुप शिवराज दर्शन
942
_c
BOOK
999
_c
135871
_d
135871